000 00284nam a2200133Ia 4500
100 _aIntel
942 _cBK
654 _aProduct overview guide
245 _aProduct overview guide
260 _bIntel Corporation
_aUSA
_c1992
082 _a4.25
546 _aENGLISH
999 _c23030
_d23030